Géographie - Culture Générale - Difficile #5 - Statistiques

Statistiques générales
  • Ce quiz a été pris 21 fois
  • Le résultat moyen est 8 sur 20
Statistiques - réponses
Hint Réponse % Correct
Pays des Balkans dont la capitale contient une pyramide de béton, autrefois mausolée du dictateur Hoxha. Albanie
95%
Pays le plus jeune du continent Européen (indépendant en 2006). Monténégro
95%
Enclave espagnole sur la côte méditerranéenne du Maroc, face à Melilla. Ceuta
84%
Pays d'Amérique centrale dont la capitale surnommée "La ville éternelle du printemps". Costa Rica
84%
Ancienne capitale de l'empire inca, aujourd'hui ville du Pérou. Cuzco
79%
Nom de la dépression salée la plus basse du monde, à −430 m. Mer morte
58%
Plus long fleuve de la Péninsule Ibérique se jetant dans l'Atlantique au Portugal. Tage
58%
Nom de la mer intérieure entre la Crimée et la Russie continentale. Mer d'Azov
53%
Ville russe majeure située au pied de l'Oural, surnommée "La porte de la Sibérie". Ekaterinbourg
47%
Situé près de la côte turque, cet archipel est riche en histoire médiévale. Rhodes en est la plus grande île, suivie de Kos, Patmos et Symi. Dodécanèse
32%
Fleuve d'Asie centrale qui se jetait dans la mer d'Aral, aujourd'hui presque entièrement asséché. Syr Daria
26%
Région autonome d'Indonésie à l'extrémité ouest de Sumatra, seule province à appliquer la charia. Aceh
21%
Région historique d'Europe centrale partagée entre la Pologne, la Tchéquie et l'Allemagne. Silésie
21%
Ville d'Iran, ancienne capitale de l'empire perse achéménide, à 60 km de Chiraz. Persépolis
16%
Nom du canal reliant le lac Ontario au fleuve Hudson, permettant la navigation de New York vers les Grands Lacs. Canal Erie
11%
Cap le plus méridional de l'Afrique continentale, à ne pas confondre avec le cap de Bonne-Espérance. Cap des Aiguilles
11%
Péninsule russe entre la mer de Barents et la mer Blanche, riche en nickel. Péninsule de Kola
11%
Désert occupant plus de la moitié du territoire Turkmène. Désert du Karakoum
5%
Île néo-zélandaise sub-antarctique, classée patrimoine mondial, connue pour ses albatros. Île Campbell
5%
Nom du tripoint terrestre où convergent les frontières de l'Allemagne, des Pays-Bas et de la Belgique. Drielandenpunt
0%
Aucun quiz correspondant
Distribution des résultats
% des personnes avec chaque résultat
Percentile par nombre de réponses
Votre historique - résultats
Vous n’avez pas pris ce quiz